000 00355nam a2200157Ia 4500
001 2047
003 Ost
005 20260507154652.0
008 251113s9999||||xx |||||||||||||| ||eng||
040 _cnitttr
041 _aeng
082 _a620.1
_bS38T
100 _aSaluja, S. N.
245 2 _aA textbook of applied mechanics /
_cSaluja, S. N.
942 _cBK
999 _c1944
_d1944